00695 2200241 4500001002100000005001700021008004100038035002400079082001100103090001800114100001800132245008700150250001000237260004200247300002400289500003700313500003500350650001500385700001700400850001500417985000600432999001500438YOGYA-0209000003022920090227024447.0 ind  0010-020900000030229 a301,46 a301.46bUlh T aULHAQ, Mahbub aTirai KemiskinanbTantangan-tantangan untuk dunia ketigacPenerjemah : Masri Manis aEd. 1 aJakartabYayasan obor Indonesiac1983 axvi, 270 hlmc21 cm aJudul Asli : The Poverty Curtain a6aBibliografi : hlm. 266 - 270 aKemiskinan aMaris, Masri aYOPDYOG(B) a1 aP000027842